| 000 | 00517nam a2200181Ia 4500 | ||
|---|---|---|---|
| 003 | LK-CoDNM | ||
| 008 | 010623t1974 xxu||||| |||| 00| 1 eng d | ||
| 040 |
_aLK-CoDNM _dLK-CoDNM _eLK-CoDNM |
||
| 041 | _aeng | ||
| 080 | _a(x)35.08 WAR | ||
| 100 | _aWarnapala, Wiswa W.A. | ||
| 245 | _aCivil service administration in ceylon : A study in bureucratic adaptation | ||
| 260 |
_bDepartment of cultural affairs _c1974 |
||
| 300 | _b(xiii)411, 25 cm | ||
| 650 | _aCivil Service | ||
| 650 | _aEnvironment | ||
| 942 | _cBK | ||
| 999 |
_c109251 _d109251 |
||